000 00250nam a22001217a 4500
008 190205b xxu||||| |||| 00| 0 eng d
041 _aeng
080 _25th
_a573
100 _a11
101 _aBIO
245 _aBiology
_cCampbell
942 _2udc
_cBK
999 _c54007
_d54007